The methodology of scientific research programmes

Salvato in:
Dettagli Bibliografici
Autore principale: Lakatos, Imre (Autore)
Natura: Libro
Lingua:inglese
Pubblicazione: Cambridge Cambridge University 1980
Edizione:1a. ed
Serie:Philosophical Papers, 1
Soggetti:
Tags: Aggiungi Tag
Nessun Tag, puoi essere il primo ad aggiungerne!!

MARC

LEADER 00000cam a2200000 a 4500
001 UCF9102
003 CL-VaPUC
005 20230717123657.0
008 131025e19800000uk |||||||||||||||||eng|d
999 |c 353587  |d 353585 
020 |a 0521280311 
040 |c Pontificia Universidad Católica de Valparaíso 
082 0 4 |a 510.1  |b LAK  |2 21 
100 |a Lakatos, Imre  |e author  |9 571317 
245 1 4 |a The methodology of scientific research programmes 
250 |a 1a. ed 
260 |a Cambridge  |b Cambridge University  |c 1980 
300 |a 250 p 
490 0 |a Philosophical Papers, 1 
583 |a last modification  |c 20131025 12:28:00  |k Rodrigo Vera 
650 0 |a Filosofía de las matemáticas   |9 265233 
650 0 |a Historia de las matemáticas   |9 265664 
942 |c BK  |2 ddc 
945 |d 20131025 12:28:00  |a cmena 
952 |0 0  |1 0  |3 erb  |4 0  |6 510_100000000000000_LAK_1980  |7 0  |8 A  |9 458921  |a BIBMAT  |b BIBMAT  |d 2019-11-23  |i 5024080  |o 510.1 LAK 1980  |p 5024080  |r 2025-01-07  |w 2019-11-23  |y BK  |z Catalogado en:20131025  |k MAT